| 000 | 02714nam a22003137a 4500 | ||
|---|---|---|---|
| 008 | 251111b |||||||| |||| 00| 0 eng d | ||
| 020 | _a9782702166352 | ||
| 040 | _ctbs | ||
| 041 |
_afre _heng |
||
| 100 |
_aConnelly, Michael _d1956- _926466 _eauthor |
||
| 240 |
_aDesert star. _lFrench. |
||
| 245 |
_aL'étoile du désert _c/ Michael Connelly ; tranlsated by Robert Pépin. |
||
| 260 |
_aParis : _bCalmann-Lévy, _c2023. |
||
| 300 |
_a389 pages ; _c22 cm. |
||
| 490 |
_aRenée Ballard and Harry Bosch ; _v4 |
||
| 490 | _aCalmann-Lévy noir | ||
| 520 | _aAprès avoir quitté le LAPD rongé par la misogynie, le défaitisme et la bureaucratie, Renée Ballard revient prendre la direction de l'unité des Affaires non résolues récemment reformée. Elle y recrute des stars de la police et demande à Harry Bosch, maintenant à la retraite, de l'aider à résoudre l'affaire de deux jeunes femmes tuées de la même façon à dix ans d'intervalle. Bosch ne saurait refuser: avec toutes les ressources du LAPD, peut-être pourra-t-il en profiter pour arrêter le psychopathe qui a abattu toute une famille dans le désert de Mojave et n'a jamais été retrouvé. S'il respecte Ballard, Bosch supporte mal son autorité et cela risque de nuire à leur travail. Et les tueurs, eux, n'entendent pas se laisser prendre après toutes ces années d'impunité. D'autant que pour Ballard, et surtout pour Bosch, le temps presse ... | ||
| 520 | _aAfter leaving the LAPD, worn down by misogyny, defeatism, and bureaucracy, Renée Ballard returns to take command of the recently reformed Cold Case Unit. She recruits some of the department’s top talent and asks retired detective Harry Bosch to help her solve a case involving two young women murdered in the same way, ten years apart. Bosch can’t refuse: with full access to LAPD resources, he just might be able to track down the psychopath who slaughtered an entire family in the Mojave Desert and was never caught. Though Bosch respects Ballard, he struggles with her authority—a tension that could jeopardize their work. And the killers, after years of impunity, have no intention of being caught now. For Ballard—and especially for Bosch—time is running out… | ||
| 650 | 0 |
_aBallard, Renée (Fictitious character) _vFiction _926467 |
|
| 650 | 0 |
_aBosch, Harry _vFiction _926468 |
|
| 650 | 0 |
_aCold cases (Criminal investigation) _vFiction _926343 |
|
| 650 | 0 |
_aWomen detectives _vFiction _926469 |
|
| 650 | 0 |
_aMurder _xInvestigation _vFiction _97769 |
|
| 650 | 0 |
_aPolice _vFiction _926470 |
|
| 651 | 0 |
_aLos Angeles (California) _vFiction _924013 |
|
| 655 | 0 |
_aThrillers (Fiction) _922669 |
|
| 700 |
_aPépin, Robert _926471 _etranslator |
||
| 942 | _2lcc | ||
| 999 |
_c5168 _d5168 |
||